Microbiology and parasitology : (Record no. 118270)
[ view plain ]
| 000 -LEADER | |
|---|---|
| fixed length control field | 00584nam a2200169Ia 4500 |
| 008 - FIXED-LENGTH DATA ELEMENTS--GENERAL INFORMATION | |
| fixed length control field | 140609s9999 xx 000 0 und d |
| 020 ## - INTERNATIONAL STANDARD BOOK NUMBER | |
| International Standard Book Number | 9789715844581 |
| 050 ## - LIBRARY OF CONGRESS CALL NUMBER | |
| Classification number | QR 65 |
| Item number | .M626 2006 |
| 245 ## - TITLE STATEMENT | |
| Title | Microbiology and parasitology : |
| Remainder of title | laboratory manual for the health sciences / |
| Statement of responsibility, etc | editors, Howell Ho, Rosita Roldan-Gan, Vivian Verbo |
| 250 ## - EDITION STATEMENT | |
| Edition statement | 2nd ed. |
| 260 ## - PUBLICATION, DISTRIBUTION, ETC. (IMPRINT) | |
| Place of publication, distribution, etc | Quezon City, Philippines : |
| Name of publisher, distributor, etc | C&E Publishing, Inc., |
| Date of publication, distribution, etc | c2006. |
| 300 ## - PHYSICAL DESCRIPTION | |
| Extent | 211 p. ; |
| Dimensions | 27 cm. |
| 500 ## - GENERAL NOTE | |
| General note | Includes bibliographical references and appendix. |
| 521 ## - TARGET AUDIENCE NOTE | |
| Target audience note | |
| 942 ## - ADDED ENTRY ELEMENTS (KOHA) | |
| Call number prefix | Local |
| Koha item type | Books |
| Withdrawn status | Lost status | Damaged status | Home library | Current library | Shelving location | Date acquired | Total Checkouts | Total Renewals | Full call number | Barcode | Date last seen | Date checked out | Price effective from | Koha item type |
|---|---|---|---|---|---|---|---|---|---|---|---|---|---|---|
| College Library | College Library | Filipiniana Section | 06/09/2014 | 1 | 1 | QR 65 .M626 2006 | C17027 | 06/28/2024 | 05/23/2024 | 06/09/2014 | Books |